A szegedi Régészeti Tanszék gyűjteményének története [absztrakt] /

Elmentve itt :
Bibliográfiai részletek
Szerző: Pintér-Nagy Katalin
Testületi szerző: Móra 50 Konferencia
Dokumentumtípus: Könyv része
Megjelent: 2016
Sorozat:Móra 50 Konferencia
Kulcsszavak:Régészet - Szeged - előadáskivonat
Tárgyszavak:
Online Access:http://acta.bibl.u-szeged.hu/82769
LEADER 00792naa a2200205 i 4500
001 acta82769
005 20250429110410.0
008 231220s2016 hu o 100 hun d
040 |a SZTE Egyetemi Kiadványok Repozitórium  |b hun 
041 |a hun 
100 2 |a Pintér-Nagy Katalin 
245 1 2 |a A szegedi Régészeti Tanszék gyűjteményének története   |h [elektronikus dokumentum] :  |b [absztrakt] /  |c  Pintér-Nagy Katalin 
260 |c 2016 
300 |a 22-23 
490 0 |a Móra 50 Konferencia 
650 4 |a Bölcsészettudományok 
650 4 |a Történettudomány és régészet 
695 |a Régészet - Szeged - előadáskivonat 
711 |a Móra 50 Konferencia  |c Szeged  |d 2016. április 15-16. 
856 4 0 |u http://acta.bibl.u-szeged.hu/82769/1/morakonf_2016_apr_022-023.pdf  |z Dokumentum-elérés